All stranger things characters - Statistics

General Stats
  • This quiz has been taken 306 times
  • The average score is 25 of 50
Answer Stats
Hint Answer % Correct
3 Mike
100%
2 Hopper
98%
6 Lucas
98%
5 Dustin
97%
4 Eleven
97%
1 Joyce
97%
11 Will
97%
7 Nancy
96%
8 Jonathan
92%
12 Max
92%
13 Steve
92%
14 Billy
89%
18 Erica
87%
9 Karen
84%
17 Robin
82%
23 Ted
78%
24 Holly
71%
10 Brenner
70%
15 Bob
67%
30 Barb
64%
46 Alexei
56%
16 Owens
52%
47 Tom
51%
22 Eddie
49%
43 Kali
47%
31 Lonnie
47%
44 Claudia
45%
39 Carol
35%
29 Demogorgon
35%
41 Terry
35%
38 Tommy
35%
25 Scott
28%
21 Argyle
27%
42 Becky
27%
49 Grigori
27%
32 Connie
26%
48 Bruce
23%
35 Troy
23%
19 Bauman
15%
28 Florence
14%
34 James
13%
50 Larry Kline
10%
27 Phil
10%
26 Calvin
8%
45 Keith
8%
40 Marsha
7%
37 Donald
3%
20 Peter
3%
33 Agent
1%
36 Russell
1%
No matching quizzes found
Score Distribution
Percent of People with Each Score
Percentile by Number Answered
Your Score History
You have not taken this quiz